He = Shey / (Record no. 69738)
[ view plain ]
| 000 -LEADER | |
|---|---|
| fixed length control field | 01123cam a22003617a 4500 |
| 001 - CONTROL NUMBER | |
| control field | 14970159 |
| 003 - CONTROL NUMBER IDENTIFIER | |
| control field | NUST - PNEC |
| 005 - DATE AND TIME OF LATEST TRANSACTION | |
| control field | 20170116181125.0 |
| 008 - FIXED-LENGTH DATA ELEMENTS--GENERAL INFORMATION | |
| fixed length control field | 070720s2007 ii a 000 0 eng |
| 010 ## - LIBRARY OF CONGRESS CONTROL NUMBER | |
| LC control number | 2007392463 |
| 020 ## - INTERNATIONAL STANDARD BOOK NUMBER | |
| International Standard Book Number | 9780143102090 |
| 020 ## - INTERNATIONAL STANDARD BOOK NUMBER | |
| International Standard Book Number | 0143102095 |
| 025 ## - OVERSEAS ACQUISITION NUMBER | |
| Overseas acquisition number | I-E-2007-392463; 25 |
| 035 ## - SYSTEM CONTROL NUMBER | |
| System control number | (IN-NdUBS)UBS07001706 |
| 037 ## - SOURCE OF ACQUISITION | |
| Source of stock number/acquisition | Library of Congress -- New Delhi Overseas Office |
| Terms of availability | Rs195.00 |
| 040 ## - CATALOGING SOURCE | |
| Original cataloging agency | DLC |
| Transcribing agency | LIBRARY |
| 041 1# - LANGUAGE CODE | |
| Language code of text/sound track or separate title | eng |
| Language code of original | ben |
| 042 ## - AUTHENTICATION CODE | |
| Authentication code | lcode |
| 050 00 - LIBRARY OF CONGRESS CALL NUMBER | |
| Classification number | MLCS 2007/00650 (P) |
| -- | PK1723 |
| 082 ## - DEWEY DECIMAL CLASSIFICATION NUMBER | |
| Classification number | 891.4435 TAG |
| 100 1# - MAIN ENTRY--PERSONAL NAME | |
| Personal name | Tagore, Rabindranath, |
| Dates associated with a name | 1861-1941. |
| 240 10 - UNIFORM TITLE | |
| Uniform title | Se. |
| Language of a work | English |
| 245 10 - TITLE STATEMENT | |
| Title | He = Shey / |
| Statement of responsibility, etc. | Rabindranath Tagore ; translated from the Bengali by Aparna Chaudhuri ; introduction by Sankha Ghosh. |
| 246 31 - VARYING FORM OF TITLE | |
| Title proper/short title | Shey |
| 260 ## - PUBLICATION, DISTRIBUTION, ETC. | |
| Place of publication, distribution, etc. | New Delhi : |
| Name of publisher, distributor, etc. | New York : |
| -- | Penguin Books, |
| Date of publication, distribution, etc. | 2007. |
| 300 ## - PHYSICAL DESCRIPTION | |
| Extent | xxi, 154 p. : |
| Other physical details | ill. ; |
| Dimensions | 21 cm. |
| 490 0# - SERIES STATEMENT | |
| Series statement | Modern classics |
| 650 ## - SUBJECT ADDED ENTRY--TOPICAL TERM | |
| General subdivision | General book |
| 700 1# - ADDED ENTRY--PERSONAL NAME | |
| Personal name | Chaudhuri, Aparna. |
| 906 ## - LOCAL DATA ELEMENT F, LDF (RLIN) | |
| a | 7 |
| b | ibc |
| c | origode |
| d | 3 |
| e | ncip |
| f | 20 |
| g | y-gencatlg |
| 942 ## - ADDED ENTRY ELEMENTS (KOHA) | |
| Source of classification or shelving scheme | |
| Koha item type | Book |
| Withdrawn status | Lost status | Source of classification or shelving scheme | Damaged status | Not for loan | Permanent Location | Current Location | Shelving location | Date acquired | Total Checkouts | Full call number | Barcode | Date last seen | Price effective from | Koha item type |
|---|---|---|---|---|---|---|---|---|---|---|---|---|---|---|
| Pakistan Navy Engineering College (PNEC) | Pakistan Navy Engineering College (PNEC) | 891.4435 TAG | PNECLIB-031205 | 10/05/2015 | Book |
